[Event "Women's Speed Chess Q7"]
[Site "chess.com INT"]
[Date "2021.06.06"]
[Round "4"]
[White "Bommini, Mounika Akshaya"]
[Black "Nurmanova, Alua"]
[Result "0-1"]
[WhiteTitle "WFM"]
[BlackTitle "WFM"]
[WhiteElo "2029"]
[BlackElo "2093"]
[WhiteFideId "25019872"]
[BlackFideId "13729390"]
[EventDate "2021.06.06"]

1. f4 d5 2. Nf3 Nf6 3. g3 c5 4. Bg2 Nc6 5. O-O e6 6. d3 Bd6 7. Qe1 O-O 8. e4
dxe4 9. dxe4 Bc7 10. c3 Qe7 11. Na3 a6 12. Nc2 b5 13. e5 Nd5 14. Ne3 Nxe3 15.
Bxe3 Bb7 16. Rd1 Na5 17. Qf2 Bb6 18. b4 Nc4 19. bxc5 Nxe3 20. cxb6 Nxf1 21. Bxf1
Rfd8 22. Rd4 Bd5 23. Nd2 Qb7 24. Bg2 Bxg2 25. Qxg2 Qxb6 26. Qf2 Qc7 27. Ne4 h6
28. Nd6 Qxc3 29. Rd1 Rd7 30. Qe2 Rad8 31. Qf2 Qb4 32. Re1 f6 33. f5 fxe5 34.
fxe6 Rxd6 35. Qf7+ Kh8 36. e7 Qxe1+ 37. Kg2 Rd2+ 38. Kh3 Qe4 39. exd8=Q+ Rxd8
40. Qf2 Kh7 41. g4 Rd3+ 42. Kh4 g5+ 0-1

[Event "Women's Speed Chess Q7"]
[Site "chess.com INT"]
[Date "2021.06.06"]
[Round "4"]
[White "Obregon Garcia, Roxangel"]
[Black "Petrova, Irina"]
[Result "0-1"]
[WhiteTitle "WIM"]
[BlackTitle "WIM"]
[WhiteElo "2167"]
[BlackElo "2110"]
[WhiteFideId "3520420"]
[BlackFideId "14124122"]
[EventDate "2021.06.06"]

1. e4 d6 2. d4 Nf6 3. Nc3 e5 4. Nf3 Nbd7 5. Bc4 Be7 6. a4 O-O 7. O-O c6 8. h3 h6
9. Re1 Re8 10. b3 Bf8 11. Ba3 exd4 12. Nxd4 Ne5 13. Bd3 g5 14. Nf5 Bxf5 15. exf5
d5 16. Bxf8 Kxf8 17. Bf1 Kg7 18. Qd4 Ned7 19. f4 Qb6 20. Qxb6 axb6 21. fxg5 hxg5
22. g4 Rxe1 23. Rxe1 Re8 24. Rxe8 Nxe8 25. Kf2 Kf6 26. Ke3 Nd6 27. Bg2 Nc5 28.
Ne2 Nd7 29. Nd4 Ne5 30. Ne2 b5 31. axb5 Nxb5 32. Ng3 Na3 33. c3 Nb1 34. Nh5+ Ke7
35. Kd4 Kd6 36. c4 c5+ 37. Ke3 d4+ 38. Ke2 Nc3+ 39. Kd2 b6 40. Nf6 Nd7 41. Ne4+
Nxe4+ 42. Bxe4 Ke5 43. Bc6 Nb8 44. Bd5 f6 45. Kd3 Nd7 46. Bf3 Kf4 47. Bd5 Ne5+
48. Ke2 Kg3 49. Be4 Kxh3 50. Bd5 Kxg4 51. Be6 Kf4 0-1

[Event "Women's Speed Chess Q7"]
[Site "chess.com INT"]
[Date "2021.06.06"]
[Round "4"]
[White "Ortiz Verdezoto, Anahi"]
[Black "Komiagina, Maria"]
[Result "1/2-1/2"]
[WhiteTitle "WIM"]
[BlackTitle "WIM"]
[WhiteElo "2013"]
[BlackElo "2241"]
[WhiteFideId "3614581"]
[BlackFideId "4153987"]
[EventDate "2021.06.06"]

1. d4 Nf6 2. c4 g6 3. Nc3 Bg7 4. e4 d6 5. Nge2 O-O 6. Ng3 Qe8 7. Be2 e5 8. d5
Na6 9. Be3 Kh8 10. O-O Ng8 11. Qd2 f5 12. exf5 gxf5 13. f4 e4 14. a3 Bd7 15.
Rab1 Qg6 16. b4 Nf6 17. Bd4 Ng4 18. Bxg4 Qxg4 19. c5 Rae8 20. Rbe1 h5 21. Nh1 h4
22. Nf2 Qh5 23. Nh3 Rg8 24. Ng5 Ref8 25. Re3 Bf6 26. Rh3 Kg7 27. g3 Qg6 28. Rxh4
Rh8 29. Rxh8 Rxh8 30. Ne6+ Bxe6 31. dxe6 dxc5 32. Bxf6+ Qxf6 33. Qd7+ Kg6 34.
Nd5 Qd4+ 35. Kg2 Rh7 36. Qe8+ Kh6 37. Qf8+ Rg7 38. Qxf5 e3 39. Qh3+ Kg6 40. Qg4+
Kh7 41. Qh5+ Kg8 42. Ne7+ Rxe7 43. Qg6+ Rg7 44. Qe8+ Kh7 45. Qh5+ Kg8 46. Qe8+
Kh7 47. Qh5+ Kg8 48. Rd1 Qe4+ 49. Kg1 Kf8 50. Rd8+ Ke7 51. Qe8+ Kf6 52. Qf8+ Kg6
53. Qe8+ Kh6 54. Qh8+ Kg6 55. Qe8+ Kh6 56. Qh8+ Kg6 57. Qe8+ 1/2-1/2

[Event "Women's Speed Chess Q7"]
[Site "chess.com INT"]
[Date "2021.06.06"]
[Round "4"]
[White "Kotepalli, Sai Nirupama"]
[Black "Sliwicka, Alicja"]
[Result "1-0"]
[WhiteTitle "WFM"]
[BlackTitle "WIM"]
[WhiteElo "1914"]
[BlackElo "2308"]
[WhiteFideId "5039444"]
[BlackFideId "1150677"]
[EventDate "2021.06.06"]

1. e4 c5 2. d3 Nc6 3. Nf3 g6 4. g3 Bg7 5. Bg2 e6 6. O-O Nge7 7. c3 O-O 8. Qe2 d5
9. e5 b5 10. a3 b4 11. axb4 cxb4 12. Bf4 Rb8 13. h4 a5 14. Nbd2 bxc3 15. bxc3
Rb2 16. d4 Qb6 17. Rfb1 Ba6 18. Qd1 Bd3 19. Rc1 Rb8 20. h5 Na7 21. h6 Bf8 22.
Ne1 Ba6 23. Bg5 Nf5 24. g4 Nxh6 25. Qf3 Bg7 26. Qh3 Qc7 27. Bxh6 Bxh6 28. Qxh6
Qe7 29. Qf4 Rc8 30. Nef3 Bb5 31. Rxa5 Nc6 32. Raa1 Nd8 33. Ng5 h6 34. Ngf3 g5
35. Qe3 Be8 36. Ne1 f6 37. exf6 Qxf6 38. Nd3 Rb7 39. Nc5 Rf7 40. Ra6 Nc6 41.
Nxe6 Re7 42. Bxd5 Bf7 43. Ne4 Qg6 44. Nd6 Bxe6 45. Nxc8 Bxd5 46. Nxe7+ Nxe7 47.
Rxg6+ Nxg6 48. Qe8+ Kg7 49. c4 Bf7 50. Qd7 Nf4 51. Re1 Nd3 52. Re7 1-0

[Event "Women's Speed Chess Q7"]
[Site "chess.com INT"]
[Date "2021.06.06"]
[Round "4"]
[White "Arabidze, Meri"]
[Black "Kazarian, Anna-Maja"]
[Result "1/2-1/2"]
[WhiteTitle "IM"]
[BlackTitle "FM"]
[WhiteElo "2432"]
[BlackElo "2096"]
[WhiteFideId "13604040"]
[BlackFideId "1033689"]
[EventDate "2021.06.06"]

1. Nf3 Nf6 2. d4 d5 3. c4 e6 4. Nc3 Be7 5. Bg5 O-O 6. e3 h6 7. Bh4 Nbd7 8. Rc1
b6 9. cxd5 exd5 10. Bd3 Bb7 11. O-O c5 12. Bg3 Re8 13. Ne5 Nxe5 14. Bxe5 Ne4 15.
Nxe4 dxe4 16. Bb5 Rf8 17. Qg4 Bf6 18. Bxf6 Qxf6 19. dxc5 bxc5 20. b3 a6 21. Bc4
Rad8 22. Rfd1 a5 23. h3 a4 24. Qg3 axb3 25. axb3 Ba6 26. Bxa6 Qxa6 27. Rxd8 Rxd8
28. Qc7 Rc8 29. Qe5 Qc6 30. Rc4 Rc7 31. Rxe4 f6 32. Qe6+ Qxe6 33. Rxe6 Rb7 34.
Rc6 Rxb3 35. Rxc5 Rb1+ 36. Kh2 Rb2 37. Kg3 Kf7 38. Rc7+ Kg6 39. e4 h5 40. h4
Rb3+ 41. f3 Rb2 42. Rd7 Rc2 43. Rb7 Rd2 44. Kh3 Rc2 45. g3 Rd2 46. f4 Re2 47.
Re7 Kh6 48. e5 fxe5 49. fxe5 Kg6 50. e6 Kf6 51. Rf7+ Kg6 52. Re7 Kf6 53. Rf7+
Kg6 54. Re7 1/2-1/2

[Event "Women's Speed Chess Q7"]
[Site "chess.com INT"]
[Date "2021.06.06"]
[Round "4"]
[White "Cori T., Deysi"]
[Black "Papp, Petra"]
[Result "0-1"]
[WhiteTitle "WGM"]
[BlackTitle "WGM"]
[WhiteElo "2388"]
[BlackElo "2336"]
[WhiteFideId "3801934"]
[BlackFideId "739049"]
[EventDate "2021.06.06"]

1. d4 Nf6 2. Nf3 g6 3. g3 Bg7 4. Bg2 O-O 5. O-O d6 6. b3 c5 7. Bb2 cxd4 8. Nxd4
d5 9. c4 dxc4 10. bxc4 Qc7 11. Nc3 a6 12. Nd5 Nxd5 13. cxd5 Nd7 14. Rc1 Qd6 15.
e4 b5 16. Qb3 Bb7 17. Nc6 Nc5 18. Qa3 Bxb2 19. Qxb2 Nd3 20. Qe2 Nxc1 21. Rxc1
Bxc6 22. Rxc6 Qd7 23. e5 Rac8 24. e6 fxe6 25. Rxe6 Rc1+ 26. Bf1 Rd8 27. Rxe7
Qxd5 28. Qb2 Rxf1+ 29. Kxf1 Qh1+ 30. Ke2 Qd1+ 31. Ke3 Qd3+ 32. Kf4 Qf5+ 33. Ke3
Rd3+ 34. Ke2 Qf3+ 35. Kf1 Rd1+ 36. Re1 Qh1+ 37. Ke2 Qxe1+ 38. Kf3 Rd3+ 39. Kg2
Qe4+ 40. Kh3 Qf5+ 41. Kg2 Qd5+ 42. Kh3 Rd2 43. Qf6 Qf5+ 44. Qxf5 gxf5 45. f4
Rxa2 46. Kh4 Rxh2+ 47. Kg5 Rg2 48. Kxf5 Rxg3 49. Ke6 b4 50. f5 Rf3 51. f6 Kf8
52. f7 b3 53. Kd5 b2 54. Ke4 Rxf7 55. Kd3 Rc7 56. Kd4 b1=Q 57. Kd5 Qb6 58. Ke4
Qe6+ 59. Kd4 Rd7+ 60. Kc5 Qd6+ 61. Kc4 Qc6+ 62. Kb3 Rb7+ 63. Ka3 Qb5 64. Ka2
Qb2# 0-1

[Event "Women's Speed Chess Q7"]
[Site "chess.com INT"]
[Date "2021.06.06"]
[Round "4"]
[White "Gaponenko, Inna"]
[Black "Grineva, Marianna"]
[Result "1-0"]
[WhiteTitle "IM"]
[BlackTitle "WFM"]
[WhiteElo "2357"]
[BlackElo "2029"]
[WhiteFideId "14101181"]
[BlackFideId "14102013"]
[EventDate "2021.06.06"]

1. e4 d6 2. d4 Nf6 3. Nc3 g6 4. f4 Bg7 5. Nf3 O-O 6. Bd3 Bg4 7. h3 Bxf3 8. Qxf3
Nc6 9. Be3 e5 10. dxe5 dxe5 11. f5 Nd4 12. Qf2 c5 13. O-O a6 14. Bg5 Qd6 15.
Bxf6 Bxf6 16. Nd5 Bg7 17. f6 Bh6 18. Qh4 Bf4 19. Rxf4 exf4 20. Qh6 Ne6 21. Rd1
Kh8 22. Be2 Rg8 23. Bg4 Qe5 24. c3 b5 25. Ne7 Qxe4 26. Bxe6 Qxe6 27. Nxg8 Rxg8
28. Qxf4 c4 29. Kh2 Qf5 30. Qxf5 gxf5 31. Rd6 h5 32. Rxa6 Kh7 33. Rb6 Kg6 34.
Rxb5 Rc8 35. a4 Kxf6 36. a5 Kg5 37. a6 Kf4 38. a7 Ra8 39. Rb7 Ke3 40. Rxf7 f4
41. Rc7 f3 42. gxf3 Kxf3 43. Rxc4 Ke3 44. Rc7 Kd3 45. b4 Ke4 46. b5 Kd5 47. b6
Kd6 48. Rg7 Kc6 49. Rg6+ Kb7 50. c4 Rc8 51. Rg7+ Ka6 52. b7 Rxc4 53. b8=Q Rc2+
54. Kg3 Rc3+ 55. Kh4 Rc4+ 56. Kxh5 Rc5+ 57. Rg5 Rc6 58. a8=Q# 1-0

[Event "Women's Speed Chess Q7"]
[Site "chess.com INT"]
[Date "2021.06.06"]
[Round "4"]
[White "Golubenko, Valentina"]
[Black "Nanditha, V"]
[Result "1-0"]
[WhiteTitle "WGM"]
[BlackTitle "WCM"]
[WhiteElo "2209"]
[BlackElo "1666"]
[WhiteFideId "4501993"]
[BlackFideId "46626697"]
[EventDate "2021.06.06"]

1. d4 c6 2. Nf3 d5 3. g3 e6 4. Bg2 f5 5. O-O Nf6 6. c4 Be7 7. Nc3 O-O 8. Ne5 Bd7
9. cxd5 exd5 10. Qb3 Qb6 11. Qxb6 axb6 12. a3 Be8 13. Bf4 Ne4 14. f3 Nd6 15. e4
dxe4 16. fxe4 g5 17. Be3 Bg6 18. Nxg6 hxg6 19. d5 Nc4 20. Bc1 Bf6 21. exf5 gxf5
22. Ra2 c5 23. b3 Nd6 24. Bd2 Nd7 25. Ne2 Rae8 26. Bc3 Ne5 27. Rd2 Ng4 28. h3
Ne3 29. Rf3 Bxc3 30. Nxc3 f4 31. g4 Nxg2 32. Kxg2 Ne4 33. Nxe4 Rxe4 34. Rff2 Rd8
35. d6 Re6 36. d7 Re7 37. Rd6 Rexd7 38. Rg6+ Kf7 39. Rxg5 Rd2 40. Rf5+ Ke6 41.
Rxf4 Rxf2+ 42. Rxf2 Rd3 43. Rf3 Rd2+ 44. Kg3 b5 45. g5 Rd1 46. Kg4 Rg1+ 47. Rg3
Rf1 48. g6 Kf6 49. Kh5 Kg7 50. h4 Rf5+ 51. Rg5 Rf3 52. Rxc5 Rxb3 53. Rc7+ Kg8
54. Rxb7 b4 55. Kh6 Kf8 56. g7+ Kg8 57. Rb8+ Kf7 58. g8=Q+ Kf6 59. Qg6+ Ke5 60.
Re8+ Kd4 61. Qe4+ Kc3 62. Rc8+ Kb2 63. Qc2+ Kxa3 64. Ra8# 1-0

[Event "Women's Speed Chess Q7"]
[Site "chess.com INT"]
[Date "2021.06.06"]
[Round "4"]
[White "Nguyen, Hong Ngoc"]
[Black "Gevorgyan, Maria"]
[Result "1/2-1/2"]
[WhiteTitle "WCM"]
[BlackTitle "WGM"]
[WhiteElo "1957"]
[BlackElo "2219"]
[WhiteFideId "12403083"]
[BlackFideId "13300270"]
[EventDate "2021.06.06"]

1. e4 c5 2. Nc3 e6 3. g3 d5 4. exd5 exd5 5. d4 c4 6. Bg2 Be6 7. Nf3 Nf6 8. O-O
h6 9. Re1 Be7 10. Ne5 O-O 11. b3 cxb3 12. cxb3 Nc6 13. Bb2 Rc8 14. Nxc6 Rxc6 15.
Rc1 Bb4 16. Re2 Qa5 17. Re3 Rfc8 18. a3 Bxc3 19. Bxc3 Rxc3 20. Rcxc3 Rxc3 21.
Qe1 Rxe3 22. Qxa5 Rxb3 23. h3 a6 24. g4 Nd7 25. Qd8+ Kh7 26. a4 Nb6 27. a5 Nc4
28. Qc7 Rb1+ 29. Kh2 Rb2 30. Kg3 Rd2 31. Qf4 Rd3+ 32. f3 Ne3 33. Qc7 Rd2 34. Bh1
Nf1+ 35. Kf4 Re2 36. h4 Rh2 37. Qxb7 Rxh1 38. g5 hxg5+ 39. hxg5 Rh4+ 40. Ke5 Nd2
41. Qxa6 Nc4+ 42. Qxc4 dxc4 43. a6 Rh1 44. a7 Ra1 45. g6+ Kxg6 46. d5 Bxd5 47.
a8=Q Bxa8 48. f4 c3 49. f5+ Kg5 50. Kd6 c2 51. Ke7 c1=Q 52. Kf8 Qc8+ 53. Kxg7
Ra7 54. f6 Qf5 55. Kf8 Bc6 56. Kg7 Qxf6+ 57. Kh7 Ra8 1/2-1/2

[Event "Women's Speed Chess Q7"]
[Site "chess.com INT"]
[Date "2021.06.06"]
[Round "4"]
[White "Bodnaruk, Anastasia"]
[Black "Koridze, Lile"]
[Result "1-0"]
[WhiteTitle "IM"]
[BlackTitle "WFM"]
[WhiteElo "2446"]
[BlackElo "2016"]
[WhiteFideId "4181751"]
[BlackFideId "13612514"]
[EventDate "2021.06.06"]

1. e4 c5 2. Nc3 e6 3. Nf3 Nc6 4. g3 d5 5. exd5 exd5 6. Bg2 Nf6 7. O-O d4 8. Ne2
Be7 9. d3 O-O 10. Nf4 Bg4 11. h3 Bf5 12. g4 Bg6 13. Re1 Bd6 14. Nxg6 fxg6 15.
Bg5 Qc7 16. c3 dxc3 17. bxc3 Kh8 18. Qd2 Nd5 19. c4 Nf4 20. Bxf4 Bxf4 21. Qb2
Rad8 22. Rad1 Nb4 23. d4 cxd4 24. Qxb4 d3 25. Rxd3 a5 26. Qa3 Bd6 27. Qb3 a4 28.
Qc2 Qf7 29. Red1 Bc7 30. Rxd8 Bxd8 31. Ne5 Qf4 32. Nd3 Qc7 33. c5 b6 34. c6 b5
35. Qc5 Be7 36. Qe3 Rd8 37. Re1 Bf8 38. Ne5 b4 39. Qg3 Qa7 40. Kh1 b3 41. axb3
axb3 42. c7 Rc8 43. Nf7+ Kg8 44. Qxb3 h6 45. Nd6+ Kh7 46. Nxc8 Qxf2 47. Qe3 Qf7
48. Nd6 Bxd6 49. c8=Q Bf4 50. Qf3 h5 51. Qe6 Qf8 52. gxh5 g5 53. Qg6+ Kh8 54.
Qc3 Be5 55. Qxe5 Qg8 56. Qexg7+ Qxg7 57. Re8+ 1-0

[Event "Women's Speed Chess Q7"]
[Site "chess.com INT"]
[Date "2021.06.06"]
[Round "4"]
[White "Kanyamarala, Trisha"]
[Black "Ziegenfuss, Antonia"]
[Result "0-1"]
[WhiteTitle "WIM"]
[BlackTitle "WFM"]
[WhiteElo "2180"]
[BlackElo "2157"]
[WhiteFideId "45004722"]
[BlackFideId "12962554"]
[EventDate "2021.06.06"]

1. d4 Nf6 2. c4 e6 3. Nc3 d5 4. cxd5 exd5 5. Bg5 c6 6. e3 h6 7. Bh4 Be6 8. Bd3
Nbd7 9. Nge2 g5 10. Bg3 Nh5 11. O-O Nxg3 12. Nxg3 h5 13. e4 h4 14. Nf5 Bxf5 15.
exf5 Bd6 16. Re1+ Kf8 17. Qg4 Qf6 18. Re2 Qh6 19. f6 Nxf6 20. Qf5 Kg7 21. Rae1
Nh5 22. Rd2 Rae8 23. Rde2 Rxe2 24. Rxe2 Nf4 25. Re1 Qf6 26. Qxf6+ Kxf6 27. Bc2
Ne6 28. Rd1 Re8 29. Ne2 Nf4 30. Nxf4 Bxf4 31. g3 Bd6 32. Rd2 Bb4 33. Rd1 Re2 34.
Rc1 Bd2 35. Rd1 Be1 36. Kf1 Rxf2+ 37. Kxe1 Rxc2 38. Kf1 Rxh2 39. Kg1 Rxb2 40.
Rf1+ Kg6 41. gxh4 gxh4 42. a4 Rb4 43. Rf4 Rxa4 44. Rxh4 c5 45. Kf2 Rxd4 46. Rh3
b5 47. Ke3 Re4+ 48. Kd3 c4+ 49. Kc3 a5 50. Rg3+ Kf6 51. Rf3+ Ke6 52. Rh3 b4+ 53.
Kb2 a4 54. Rh6+ f6 55. Rh7 a3+ 56. Kb1 b3 57. Kc1 c3 0-1

[Event "Women's Speed Chess Q7"]
[Site "chess.com INT"]
[Date "2021.06.06"]
[Round "4"]
[White "Frayna, Janelle Mae"]
[Black "Tarasova, Viktoriya"]
[Result "1/2-1/2"]
[WhiteTitle "WGM"]
[BlackTitle "WIM"]
[WhiteElo "2179"]
[BlackElo "2226"]
[WhiteFideId "5212499"]
[BlackFideId "4175840"]
[EventDate "2021.06.06"]

1. Nf3 Nf6 2. g3 e6 3. Bg2 d5 4. O-O b6 5. c4 Bb7 6. b3 Nbd7 7. Bb2 Bd6 8. e3
O-O 9. Nc3 a6 10. d4 Qe7 11. Qe2 Ba3 12. Rac1 Bxb2 13. Qxb2 Rac8 14. Rfd1 Rfd8
15. Ne5 Nxe5 16. dxe5 Ne4 17. cxd5 Nxc3 18. Qxc3 exd5 19. f4 c5 20. h4 f6 21.
exf6 gxf6 22. Kh2 Kg7 23. g4 h6 24. Bf3 Rc7 25. Rg1 d4 26. exd4 Bxf3 27. Qxf3
Rxd4 28. g5 Rd2+ 29. Kh3 fxg5 30. fxg5 Qd7+ 31. Qg4 Rd3+ 32. Rg3 Rxg3+ 33. Kxg3
Qxg4+ 34. Kxg4 Rd7 35. Rc4 hxg5 36. hxg5 Kg6 37. Rf4 Rd4 38. Rxd4 cxd4 39. Kf4
d3 40. Ke3 Kxg5 41. Kxd3 Kf5 42. Kd4 Ke6 43. b4 Kd6 44. a4 Kc6 45. Kc4 Kd6 46.
b5 a5 47. Kd4 Ke6 48. Ke4 Kd6 49. Kf5 Kc5 50. Ke6 Kb4 51. Kd6 Kxa4 52. Kc6 Kb4
53. Kxb6 a4 54. Kc6 a3 55. b6 a2 56. b7 a1=Q 57. b8=Q+ Kc4 58. Qg8+ Kd3 59. Qg3+
Ke4 60. Qg4+ Kd3 61. Qf3+ Kd2 62. Qf2+ Kd3 63. Qf3+ Kd2 64. Qf4+ Kd3 65. Qf3+ 1/2-1/2

[Event "Women's Speed Chess Q7"]
[Site "chess.com INT"]
[Date "2021.06.06"]
[Round "4"]
[White "Vantika, Agrawal"]
[Black "Zhuravleva, Olga"]
[Result "1-0"]
[WhiteTitle "WIM"]
[BlackTitle "WIM"]
[WhiteElo "2286"]
[BlackElo "2278"]
[WhiteFideId "25050389"]
[BlackFideId "4145933"]
[EventDate "2021.06.06"]

1. d4 Nf6 2. Nf3 e6 3. e3 b6 4. b3 Bb7 5. Bb2 Be7 6. Bd3 O-O 7. O-O d6 8. c4
Nbd7 9. Nc3 c5 10. Qe2 a6 11. Rfd1 Re8 12. h3 Qc7 13. Rac1 Rac8 14. Bb1 Qb8 15.
a4 h6 16. d5 exd5 17. cxd5 Bf8 18. Qd3 Ne5 19. Nxe5 Rxe5 20. Ne4 Rxe4 21. Bxf6
gxf6 22. Qxe4 Bg7 23. Qh7+ Kf8 24. Rc4 f5 25. Bxf5 Re8 26. Rg4 Be5 27. Qxh6+ Ke7
28. f4 Bf6 29. Be4 Rg8 30. Rxg8 Qxg8 31. Qh5 Qg3 32. Qf3 Qg7 33. Bf5 Qf8 34. g4
Qd8 35. g5 Bg7 36. h4 b5 37. axb5 axb5 38. h5 Qh8 39. h6 Bc3 40. Kg2 b4 41. Qe4+
Kd8 42. Bg4 Bc8 43. Bxc8 Kxc8 44. Qf5+ Kb8 45. Qxf7 c4 46. h7 cxb3 47. Qg8+ Kc7
48. Qxh8 Bxh8 49. f5 b2 50. f6 Kd7 51. Rb1 Ke8 52. Rxb2 Kf7 53. Rxb4 Kg6 54. Rb7
Kxg5 55. f7 Be5 56. f8=Q Kg6 57. Qg8+ Kf5 58. h8=Q Ke4 59. Qxe5+ Kd3 60. Qxd6
Ke2 61. Qa3 Kd2 62. Rb2+ Kd1 63. Qa1# 1-0

[Event "Women's Speed Chess Q7"]
[Site "chess.com INT"]
[Date "2021.06.06"]
[Round "4"]
[White "Grigoryan, Meri"]
[Black "Selkirk, Rebecca"]
[Result "1-0"]
[WhiteTitle "WFM"]
[BlackTitle "WCM"]
[WhiteElo "2044"]
[BlackElo "1799"]
[WhiteFideId "13300571"]
[BlackFideId "14306514"]
[EventDate "2021.06.06"]

1. d4 d5 2. c4 c6 3. cxd5 cxd5 4. Nc3 Nf6 5. Nf3 Nc6 6. Bf4 a6 7. e3 e6 8. Bd3
Bd6 9. Bg5 O-O 10. O-O b5 11. a3 Bb7 12. Rc1 Rc8 13. Bb1 Re8 14. Qd3 g6 15. Bh6
e5 16. dxe5 Nxe5 17. Nxe5 Bxe5 18. f4 Bb8 19. f5 Ba7 20. Rce1 d4 21. exd4 Bxd4+
22. Kh1 Bxc3 23. Qxd8 Rexd8 24. bxc3 Rxc3 25. fxg6 hxg6 26. Rxf6 Rb3 27. Ref1
Rb2 28. Bxg6 Rxg2 29. Bxf7+ Kh7 30. Bd5 Bxd5 31. h4 Rg6+ 32. Kh2 Rxh6 33. Rxh6+
Kxh6 34. Rf6+ Kh5 35. Rxa6 Kxh4 36. Rb6 Bc4 37. Kg2 Ra8 38. Kf3 Rxa3+ 39. Kf4
Kh3 40. Rh6+ Kg2 41. Rg6+ Kf2 42. Rh6 Ke2 43. Rh2+ Kd1 44. Rh1+ Kc2 45. Rh2+ Kb3
46. Rh3+ Ka4 47. Rh8 b4 48. Ke4 Kb3 49. Kd4 Be2 50. Rh4 Bf1 51. Rh3+ Ka4 52. Rh8
Ra2 53. Rf8 Kb3 54. Rxf1 Ka3 55. Rf3+ b3 56. Kc3 Rc2+ 57. Kd4 Ka2 58. Rf8 b2 59.
Ra8+ Kb1 60. Rb8 Rc1 61. Kd3 Rc7 62. Kd2 Rd7+ 63. Kc3 Rc7+ 64. Kd2 Rc4 65. Kd3
Rh4 66. Kc3 Rh3+ 67. Kd2 Ka2 68. Kc2 Rh2+ 69. Kc3 b1=Q 70. Ra8# 1-0

[Event "Women's Speed Chess Q7"]
[Site "chess.com INT"]
[Date "2021.06.06"]
[Round "4"]
[White "Corrales Jimenez, Zenia"]
[Black "Pourkashiyan, Atousa"]
[Result "1-0"]
[WhiteTitle "WIM"]
[BlackTitle "WGM"]
[WhiteElo "2189"]
[BlackElo "2322"]
[WhiteFideId "3506355"]
[BlackFideId "12502014"]
[EventDate "2021.06.06"]

1. e4 c5 2. c3 Nf6 3. e5 Nd5 4. d4 cxd4 5. cxd4 e6 6. Nf3 d6 7. Bc4 Nc6 8. O-O
Be7 9. Nc3 Nxc3 10. bxc3 O-O 11. Qe2 Qc7 12. h3 Bd7 13. exd6 Qxd6 14. Bd3 Rad8
15. Bg5 Bc8 16. Bxe7 Qxe7 17. Qe4 g6 18. h4 h5 19. Ng5 Qf6 20. Rae1 Ne7 21. Nf3
Nd5 22. c4 Nf4 23. Bb1 b6 24. Qe5 Qxe5 25. Rxe5 f6 26. Re4 g5 27. hxg5 fxg5 28.
Nxg5 Bb7 29. Rxf4 Rxf4 30. Nxe6 Rfxd4 31. Nxd8 Rxd8 32. Re1 Ba6 33. Bg6 h4 34.
Re4 Bb7 35. Rxh4 Rd1+ 36. Kh2 Rd2 37. Rg4 Kf8 38. f3 Rxa2 39. Kg3 Ke7 40. Bf5 a5
41. Rg7+ Kf6 42. Rxb7 Kxf5 43. Rxb6 a4 44. Rb5+ Kf6 45. c5 a3 46. Ra5 Ra1 47. c6
Ke7 48. Kf4 Kd6 49. Ra6 Kc7 50. g4 a2 51. g5 Kd6 52. Kf5 Rf1 53. Rxa2 Rxf3+ 54.
Kg6 Kxc6 55. Rd2 Rg3 56. Kh6 Rh3+ 57. Kg7 Rg3 58. g6 Rg5 59. Kf7 Rf5+ 60. Kg8
Rg5 61. g7 Rg1 62. Rd4 Kc7 63. Rh4 Kd7 64. Kh7 Ke7 65. g8=Q Rxg8 66. Kxg8 Kf6
67. Rh5 Kg6 68. Rc5 Kf6 69. Kh7 Ke6 70. Kg6 Kd6 71. Ra5 Ke6 72. Rc5 Kd6 73. Rc2
Ke6 74. Kg7 Kd6 75. Kf6 Kd5 76. Re2 Kd4 77. Kf5 Kd3 78. Re8 Kd4 79. Re7 Kd3 80.
Kf4 Kd4 81. Rd7+ Kc5 82. Ke4 Kc6 83. Rd1 Kc7 84. Ke5 Kc6 85. Rd2 Kb7 86. Rc2 Kb6
87. Kd5 Kb5 88. Rb2+ Ka5 89. Kc4 Ka6 90. Kc5 Ka7 91. Kc6 Ka8 92. Kc7 Ka7 93.
Ra2# 1-0

[Event "Women's Speed Chess Q7"]
[Site "chess.com INT"]
[Date "2021.06.06"]
[Round "4"]
[White "Dauletova, Gulmira"]
[Black "Doluhanova, Evgeniya"]
[Result "0-1"]
[WhiteTitle "WGM"]
[BlackTitle "WGM"]
[WhiteElo "2257"]
[BlackElo "2192"]
[WhiteFideId "13702971"]
[BlackFideId "14112035"]
[EventDate "2021.06.06"]

1. e4 e5 2. Nf3 Nc6 3. Bb5 Nf6 4. d3 Bc5 5. c3 d6 6. O-O O-O 7. Nbd2 Bg4 8. h3
Bh5 9. Re1 Ne7 10. Nf1 c6 11. Bc4 d5 12. exd5 cxd5 13. Bb3 e4 14. dxe4 dxe4 15.
Qxd8 Rfxd8 16. Ne5 Nc6 17. Nxc6 bxc6 18. Be3 Bxe3 19. Nxe3 Rd2 20. Nc4 Re2 21.
Red1 Nd5 22. Rd4 e3 23. f3 g5 24. g4 Bg6 25. Bd1 Rf2 26. Ba4 Nf4 27. Nxe3 Nxh3+
28. Kh1 Rxf3 29. Ng2 Rf2 30. Bxc6 Rc8 31. Bd5 Rxb2 32. a4 Nf2+ 33. Kh2 Re8 34.
c4 Ree2 35. Rg1 Nd3 36. Bf3 Rf2 37. Be4 Nf4 38. Bc6 Kg7 39. Kg3 Nxg2 40. Rxg2
Rxg2+ 41. Bxg2 Rb4 42. a5 Ra4 43. Rd5 Rxc4 44. Rxg5 Rc3+ 45. Kf2 Ra3 46. Rc5 h6
47. Bf3 a6 48. Bb7 Ra2+ 49. Ke3 Ra3+ 50. Kd4 Bd3 51. Ke5 Bb5 52. Kf4 Rxa5 53.
Bxa6 Ra4+ 54. Kg3 Bxa6 55. Rc3 Bb5 56. Re3 Bc4 57. Kh4 Rb4 58. Kg3 Be6 59. Rc3
Rxg4+ 60. Kf3 Rc4 61. Re3 Rb4 62. Kg3 Rb3 63. Rxb3 Bxb3 64. Kf4 h5 65. Kf5 Kh6
66. Kf4 f6 67. Kg3 Kg5 68. Kh3 f5 69. Kg3 f4+ 70. Kf3 h4 71. Kg2 Kg4 72. Kh2 f3
73. Kg1 Kg3 74. Kf1 Bc4+ 75. Ke1 f2+ 76. Kd2 f1=Q 77. Kc3 Qd3+ 78. Kb4 Bd5 79.
Kc5 Qc4+ 80. Kd6 h3 81. Ke5 h2 82. Kf6 h1=Q 83. Ke7 Qhe4+ 84. Kf8 Qc5+ 85. Kg7
Qg4+ 86. Kh8 Qf8+ 87. Kh7 Qfg7# 0-1

[Event "Women's Speed Chess Q7"]
[Site "chess.com INT"]
[Date "2021.06.06"]
[Round "4"]
[White "Pham, Le Thao Nguyen"]
[Black "Garifullina, Leya"]
[Result "1-0"]
[WhiteTitle "IM"]
[BlackTitle "WGM"]
[WhiteElo "2369"]
[BlackElo "2399"]
[WhiteFideId "12401226"]
[BlackFideId "34127035"]
[EventDate "2021.06.06"]

1. d4 Nf6 2. Nf3 e6 3. Bf4 d5 4. e3 c5 5. c3 Nc6 6. Nbd2 Bd6 7. Bg3 O-O 8. Bd3
b6 9. e4 Be7 10. e5 Nh5 11. a3 a5 12. Qe2 g6 13. h4 Nxg3 14. fxg3 h5 15. Nf1
cxd4 16. cxd4 b5 17. Bxb5 Qb6 18. Rd1 Rb8 19. Bxc6 Qxc6 20. Ne3 Ba6 21. Qd2 Qb6
22. Rb1 Bxa3 23. Kf2 Be7 24. g4 Qb4 25. Qd1 Kg7 26. gxh5 gxh5 27. Ng5 Rh8 28.
Qf3 Rbf8 29. Rh3 Qd2+ 30. Kg1 Qd3 31. Rd1 Qg6 32. Rg3 Kh6 33. Kh2 Rhg8 34. Qf4
Kg7 35. Nxe6+ fxe6 36. Rxg6+ Kxg6 37. Qg3+ Kh6 38. Qe1 Bb4 39. Qg1 Rf4 40. g3
Rf3 41. Ng2 Rfxg3 42. Qf2 Rxg2+ 43. Qxg2 Rxg2+ 44. Kxg2 Bc4 45. Kg3 Be7 46. Rc1
Bd8 47. b3 Bxb3 48. Rc6 Bc4 49. Rxe6+ Kg7 50. Re8 Bb6 51. Re7+ Kf8 52. Rb7 Bxd4
53. e6 Be5+ 54. Kf3 a4 55. Rf7+ Ke8 56. Ra7 a3 57. Rxa3 Ke7 58. Re3 Kxe6 59. Re1
Kf5 60. Rg1 Bd3 61. Rg5+ Kf6 62. Rxh5 Be4+ 63. Ke3 Bg3 64. Rh6+ Kg7 65. Rh5 Bh2
66. Rg5+ Kh6 67. Rg8 Bc7 68. Rc8 Bb6+ 69. Kf4 Kh5 70. Rc6 Bd4 71. Rc1 Bf2 72.
Rc8 Bd4 73. Rc6 Bb2 74. Rb6 Bc1+ 75. Kg3 Be3 76. Rb3 d4 77. Rb5+ 1-0